Úskalia a výzvy znalcov v hľadaní hodnoty v kontexte ohodnocovania pohľadávok

Záväzný postup stanovenia všeobecnej hodnoty pohľadávok podľa Vyhlášky 492 a problémy s jeho aplikáciou. Problémy vyplývajúce zo špecifických druhov pohľadávok. Problémy vyplývajúce zo špecifických účelov ohodnotenia pohľadávok. Vklad pohľadávky zvyšujúci základné imanie. Vklad pohľadávky nezvyšujúc...

Descrizione completa

Salvato in:
Dettagli Bibliografici
Autore principale: Londák, Ján
Altri autori: Kačúr, Marián
Natura: Capitolo di libro
Lingua:slovacco
Soggetti:
Tags: Aggiungi Tag
Nessun Tag, puoi essere il primo ad aggiungerne!!

MARC

LEADER 00000naa$a2200000$$$4500
001 0246939
005 20240502073948.0
041 0 |a slo 
044 |a SK 
245 1 0 |a Úskalia a výzvy znalcov v hľadaní hodnoty v kontexte ohodnocovania pohľadávok  |c Ján Londák, Marián Kačúr 
520 |a Záväzný postup stanovenia všeobecnej hodnoty pohľadávok podľa Vyhlášky 492 a problémy s jeho aplikáciou. Problémy vyplývajúce zo špecifických druhov pohľadávok. Problémy vyplývajúce zo špecifických účelov ohodnotenia pohľadávok. Vklad pohľadávky zvyšujúci základné imanie. Vklad pohľadávky nezvyšujúci základné imanie. 
610 2 0 |a ohodnocovanie 
610 2 0 |a pohľadávky 
610 2 0 |a imanie základné 
610 2 0 |a hodnota 
610 2 0 |a dlhy 
610 2 0 |a dlžníci 
610 2 0 |a znalci 
610 2 0 |a legislatíva 
100 1 |a Londák, Ján 
700 1 |a Kačúr, Marián